| 000 | 00467nam a22001577a 4500 | ||
|---|---|---|---|
| 999 |
_c8055 _d8055 |
||
| 003 | GBCCL | ||
| 005 | 20241126110642.0 | ||
| 008 | 190204b ||||| |||| 00| 0 eng d | ||
| 040 | _cgbc | ||
| 082 |
_a220.5203 _bBIB |
||
| 245 | _aThe Holy Bible containing the Old and New Testaments in the Authorized King James Version | ||
| 250 | _afamily altar edition , red letter | ||
| 260 |
_aNashville : _bcrusade bible publishers, |
||
| 650 |
_aBible _95 |
||
| 942 |
_2ddc _cREF |
||